Представление документа в формате RUSMARC

ПолеНазваниеЗначение
  Тип записи a
  Библиографический уровень m
001 Контрольный номер RU/SLIB/B/208736393
005 Дата корректировки 20201206204040.1
010 Индекс ISBN __
d Цена 0-10
101 Язык документа __
a Язык текста rus
200 Заглавие и сведения об ответственности 0_
a Заглавие Что надо знать о возрастных и физиологических резервах организма: (В помощь лектору)
f Первые сведения об ответственности Лихницкая И. И.
b Общее обозначение материала Текст
210 Выходные данные __
a Место издания Л.
c Издательство Знание
d Дата издания 1987
215 Физическое описание __
a Объем 32 с.
225 Серия __
a Серия Общество "Знание" РСФСР. Ленинградская организация
606 Тематические рубрики __
a Основная рубрика Биология
606 Тематические рубрики __
a Основная рубрика Физиология человека
610 Ключевые слова __
a Ключевые слова здоровое питание; питание человека; резервы организма; человек; возраст; физиология организма
686 Индексы других классификаций __
a Классификационный индекс 28.707.3; ст28.707
700 Автор _1
a Фамилия Лихницкая
b Имя И. И.
4 Код отношения 070
801 Источник записи _0
a Страна RU
b Организация Муниципальное бюджетное учреждение культуры "Централизованная библиотечная система" г. Сургут (Центральная городская библиотека им. А. С. Пушкина)
g Правила каталогизации КиК/Михайлова
801 Источник записи _1
a Страна RU
b Организация Муниципальное бюджетное учреждение культуры "Централизованная библиотечная система" г. Сургут (Центральная городская библиотека им. А. С. Пушкина)
g Правила каталогизации КиК/Михайлова
852 Данные о местонахождении __
j Шифр хранения 28.707.3
i Авторский знак Л 65
p Инвентарный номер Б/Н
901 Тип документа __
t Тип документа m
903 Характеристики (МАРС) __
a Дата передачи 20090121
990 Данные о заказе (DOS) __
j Количество экземпляров (DOS) 1